| 000 | 01094nam a2200325 a 4500 | ||
|---|---|---|---|
| 001 | 000108121 | ||
| 003 | CHAP | ||
| 005 | 20220329143958.0 | ||
| 008 | 131205s2001 sp |r| ||||||spa d | ||
| 010 | _a104583 | ||
| 011 | _a105555 | ||
| 020 | _a8497060377 | ||
| 040 | _cCHAP | ||
| 082 | 0 | 4 |
_a616.8585206 _bG94 |
| 245 | 0 | 0 |
_aGuía clinica para el tratamiento del trastorno límite de la personalidad / _cpor American Psychiatric Association. |
| 260 |
_aBarcelona : _bPsiquiatría Editores., _c2001. |
||
| 300 | _axvi, 115 p. | ||
| 490 | 1 | _aGuías clínicas | |
| 534 |
_pTít. original : _tPractice Guideline for the Treatment of Patients Bordeline Personality Disorder. |
||
| 590 |
_aE11695DGD _b10 _c20131205 _lUCH01 _h1605 |
||
| 590 |
_aE11695DGD _b10 _c20131206 _lUCH01 _h0920 |
||
| 590 |
_aE5765TAJ _b05 _c20131205 _lUCH01 _h1439 |
||
| 590 |
_aE5765TAJ _b05 _c20131206 _lUCH01 _h0924 |
||
| 650 | 1 | 0 |
_aTrastornos de la personalidad _9124966 |
| 710 | 1 |
_aAmerican Psychiatric Association _9124960 |
|
| 830 | 0 |
_aGuías clínicas _9124967 |
|
| 901 | _aBK | ||
| 942 | _cLIBRO | ||
| 942 | _n0 | ||
| 999 |
_c104583 _d104583 |
||